000 00563nmm a2200193Ia 4500
008 251105s9999||||xx |||||||||||||||||und||
020 _a9788433980694
041 _aspa
100 _aGómez Muñoz, Valentina
245 0 _aCriados y doncellas
264 _a[Madrid, España] :
_bEditorial Anagrama,
_c1983
300 _a384 páginas
490 _aPanorama de narrativas
650 _aEnglish Narrative
700 _aGómez Muñoz, Valentina
700 1 _a Compton-Burnett, Ivy
856 _uhttps://public.digitaliapublishing.com/a/100545
942 _cCF
999 _c66245
_d66245